[Event "Titled Tue 1st Jul Early"]
[Site "chess.com INT"]
[Date "2025.07.01"]
[Round "3"]
[White "Tatarinov, Dmitry"]
[Black "Garcia, Jhoel"]
[Result "1-0"]
[WhiteTitle "FM"]
[BlackTitle "IM"]
[WhiteElo "2318"]
[BlackElo "2293"]
[WhiteFideId "24160067"]
[BlackFideId "3801110"]
[EventDate "2025.07.01"]

1. e4 c5 2. Nf3 a6 3. c4 Nc6 4. Nc3 e6 5. Be2 Nf6 6. O-O d6 7. d4 cxd4 8. Nxd4
Be7 9. Be3 Bd7 10. Rc1 O-O 11. f4 Rc8 12. Kh1 Nxd4 13. Qxd4 Bc6 14. Bf3 Nd7 15.
Qd2 Nc5 16. Rce1 Qa5 17. Nd5 Qd8 18. Nxe7+ Qxe7 19. Bf2 f5 20. Bxc5 dxc5 21.
exf5 Rxf5 22. Bxc6 Rxc6 23. Rd1 Rc7 24. Rfe1 h6 25. Re4 Qf6 26. Qd8+ Qxd8 27.
Rxd8+ Kf7 28. g4 Rf6 29. h4 Ke7 30. Rg8 Kf7 31. Rb8 Ke7 32. Kg2 Rf7 33. Kg3 Kd7
34. h5 Re7 35. Re3 Kc6 36. Rd8 Rcd7 37. Rxd7 Kxd7 38. Kf3 Kd6 39. Ke4 b5 40.
Rd3+ Kc6 41. b3 bxc4 42. bxc4 Rb7 43. Ke5 Rb4 44. Rd6+ Kc7 45. Rxe6 Rxc4 46.
Re7+ Kc6 47. Rxg7 Rc2 48. Rg6+ Kb5 49. Rxh6 Re2+ 50. Kf5 c4 51. Rh8 c3 52. Rc8
Kb4 53. h6 Re7 54. g5 a5 55. g6 Rb7 56. g7 Rb5+ 57. Kg4 Rc5 58. Rxc5 Kxc5 59.
g8=Q c2 60. Qc8+ 1-0

[Event "Titled Tue 1st Jul Early"]
[Site "chess.com INT"]
[Date "2025.07.01"]
[Round "3"]
[White "Korkmaz, Necmettin"]
[Black "Dahal, Sushrut"]
[Result "1/2-1/2"]
[WhiteTitle "CM"]
[BlackTitle "CM"]
[WhiteElo "2059"]
[BlackElo "2041"]
[WhiteFideId "6303285"]
[BlackFideId "12303275"]
[EventDate "2025.07.01"]

1. e4 c5 2. Nc3 a6 3. g3 b5 4. Bg2 Bb7 5. d3 e6 6. Nh3 b4 7. Na4 d5 8. O-O Nf6
9. exd5 Bxd5 10. Be3 Bxg2 11. Kxg2 Qd5+ 12. Qf3 Nbd7 13. Rfe1 Be7 14. b3 O-O 15.
Rad1 Rac8 16. Nb2 Qxf3+ 17. Kxf3 Nd5 18. Bd2 Bf6 19. Nc4 N7b6 20. Nf4 Nxc4 21.
dxc4 Nc3 22. Bxc3 Bxc3 23. Re3 a5 24. a4 Bd4 25. Red3 g5 26. Ne2 e5 27. c3 bxc3
28. Nxc3 f5 29. Kg2 e4 30. Rxd4 cxd4 31. Rxd4 Rfd8 32. Nd5 Kf7 33. f3 exf3+ 34.
Kxf3 Rb8 35. Rd3 h5 36. h4 gxh4 37. gxh4 Re8 38. Nf4 Re4 39. Rc3 Ke7 40. c5 Kd7
41. Nxh5 Rxh4 42. c6+ Kc7 43. Nf4 Rxf4+ 44. Kxf4 Rb6 45. Kxf5 Rxc6 46. Rxc6+
Kxc6 47. Ke4 Kc5 48. Kd3 Kb4 49. Kc2 Kc5 50. Kc3 Kd5 51. Kd3 Kc5 52. Kd2 Kb4 53.
Kc2 Kc5 54. Kb2 Kb4 55. Kc2 1/2-1/2

[Event "Titled Tue 1st Jul Early"]
[Site "chess.com INT"]
[Date "2025.07.01"]
[Round "3"]
[White "Sovetbekova, Nurai"]
[Black "Ankit Ray"]
[Result "1/2-1/2"]
[WhiteTitle "WFM"]
[BlackTitle "FM"]
[WhiteElo "2007"]
[BlackElo "2248"]
[WhiteFideId "13801910"]
[BlackFideId "25770624"]
[EventDate "2025.07.01"]

1. d4 d6 2. c4 e5 3. Nc3 exd4 4. Qxd4 Nc6 5. Qd1 Nf6 6. g3 Be7 7. Bg2 O-O 8. Nf3
Re8 9. O-O Bf8 10. b3 h6 11. Bb2 Bf5 12. Nd4 Bd7 13. Nd5 Nxd5 14. cxd5 Ne5 15.
Rc1 Rc8 16. Qd2 h5 17. e4 h4 18. f4 Ng6 19. Rfe1 hxg3 20. hxg3 Be7 21. Nf5 Bf6
22. Bh3 Nf8 23. Rcd1 g6 24. Nh6+ Kg7 25. Ng4 Bxg4 26. Bxg4 Rb8 27. e5 dxe5 28.
fxe5 Bg5 29. Rf1 Bxd2 30. e6+ Kh6 31. Rxd2 fxe6 32. Rh2+ Kg5 33. Bc1+ Kxg4 34.
Rf4+ Kxg3 35. Rg2+ Kh3 36. Rh2+ Kg3 37. Rg2+ Kh3 38. Rf3+ Kh4 39. Rh2+ Kg4 40.
Rf4+ Kg3 1/2-1/2

[Event "Titled Tue 1st Jul Early"]
[Site "chess.com INT"]
[Date "2025.07.01"]
[Round "3"]
[White "Weerasekara, Dishal Nimsara"]
[Black "Sanal, Vahap"]
[Result "0-1"]
[WhiteTitle "FM"]
[BlackTitle "GM"]
[WhiteElo "2104"]
[BlackElo "2550"]
[WhiteFideId "9997431"]
[BlackFideId "6300545"]
[EventDate "2025.07.01"]

1. c4 e5 2. Nc3 Nf6 3. Nf3 Nc6 4. g3 g6 5. Bg2 Bg7 6. O-O O-O 7. d4 exd4 8. Nxd4
Nxd4 9. Qxd4 Re8 10. e3 Ne4 11. Qd3 Nxc3 12. bxc3 d6 13. e4 Be6 14. Rb1 Rb8 15.
Be3 b6 16. f4 Bd7 17. Bd4 Qe7 18. Rbd1 Rbd8 19. h4 Bg4 20. Rde1 h5 21. Kh2 Qd7
22. Bxg7 Kxg7 23. Qd4+ Kg8 24. f5 Re5 25. fxg6 fxg6 26. Rf6 Kg7 27. Ref1 Qe7 28.
Qf2 Be6 29. Bh3 Bxc4 30. Rxg6+ Kxg6 31. Bf5+ Kg7 32. Rg1 Rxe4 33. Bxe4 Qxe4 34.
Re1 Qg6 35. Qd4+ Kh7 36. Re7+ Bf7 37. Qf4 Rf8 38. Rxc7 Kg8 39. Rxa7 Qc2+ 40. Kg1
Qd1+ 41. Kh2 Qe2+ 42. Kg1 Bg6 43. Qxd6 Rf1# 0-1

[Event "Titled Tue 1st Jul Early"]
[Site "chess.com INT"]
[Date "2025.07.01"]
[Round "3"]
[White "Nikookar, Mahdi"]
[Black "Laptii, Nazar"]
[Result "0-1"]
[WhiteTitle "FM"]
[BlackTitle "FM"]
[WhiteElo "2216"]
[BlackElo "2208"]
[WhiteFideId "22552987"]
[BlackFideId "14174332"]
[EventDate "2025.07.01"]

1. Nf3 Nf6 2. b3 g6 3. c4 Bg7 4. Bb2 O-O 5. g3 d6 6. Bg2 e5 7. O-O Re8 8. d3
Nbd7 9. Nc3 c6 10. Nd2 Nf8 11. b4 d5 12. b5 Be6 13. bxc6 bxc6 14. Qa4 Bd7 15.
Nb3 Ne6 16. Qa6 d4 17. Na4 Bf8 18. Qa5 Qe7 19. Qxe5 Rab8 20. Nxd4 Rxb2 21. Nxb2
Ng4 22. Nxc6 Bxc6 23. Qc3 Bxg2 24. Kxg2 Bg7 25. Qb3 Nd4 0-1

[Event "Titled Tue 1st Jul Early"]
[Site "chess.com INT"]
[Date "2025.07.01"]
[Round "3"]
[White "Terry, Renato"]
[Black "Risteski, Emil"]
[Result "1/2-1/2"]
[WhiteTitle "IM"]
[BlackTitle "IM"]
[WhiteElo "2508"]
[BlackElo "2374"]
[WhiteFideId "3803457"]
[BlackFideId "15005267"]
[EventDate "2025.07.01"]

1. e4 d6 2. d4 Nf6 3. Nc3 e5 4. dxe5 dxe5 5. Qxd8+ Kxd8 6. f3 c6 7. Be3 Be6 8.
O-O-O+ Nbd7 9. g4 Kc7 10. g5 Ne8 11. Bh3 Nc5 12. Rd2 b5 13. Bxe6 Nxe6 14. Nge2
Be7 15. h4 a6 16. f4 exf4 17. Nxf4 Rd8 18. Nxe6+ fxe6 19. Rf2 Bd6 20. Bd4 Rd7
21. Rhf1 Bg3 22. Rf7 Bxh4 23. Rxd7+ Kxd7 24. Rf7+ Kc8 25. Be3 h6 26. gxh6 gxh6
27. Ne2 Bg5 28. Bxg5 hxg5 29. Nd4 g4 30. Nxc6 g3 31. Na7+ Kb8 32. Nc6+ Kc8 33.
Na7+ Kb8 34. Nc6+ Kc8 1/2-1/2

[Event "Titled Tue 1st Jul Early"]
[Site "chess.com INT"]
[Date "2025.07.01"]
[Round "3"]
[White "Szalay-Ocsak, Bank"]
[Black "Erten, Kerem"]
[Result "0-1"]
[WhiteTitle "FM"]
[BlackTitle "FM"]
[WhiteElo "2209"]
[BlackElo "2374"]
[WhiteFideId "784923"]
[BlackFideId "34588221"]
[EventDate "2025.07.01"]

1. e4 e6 2. d4 d5 3. Nc3 Bb4 4. e5 Ne7 5. a3 Bxc3+ 6. bxc3 c5 7. a4 b6 8. h4 Ba6
9. Bb5+ Bxb5 10. axb5 Qd7 11. h5 h6 12. g4 Qxb5 13. g5 Nf5 14. Nf3 Nc6 15. Nh4
Nxh4 16. Rxh4 Qc4 17. gxh6 gxh6 18. Qf3 Nxe5 19. Qf6 Qxc3+ 20. Kf1 Qxa1 21.
Qxh8+ Ke7 22. Qxa8 Qxc1+ 23. Kg2 Qg5+ 24. Kh3 Qf5+ 25. Kg2 Qf3+ 26. Kg1 Ng4 27.
Qxa7+ Kf6 28. Rxg4 Qxg4+ 29. Kf1 Qd1+ 30. Kg2 Qg4+ 31. Kf1 Qxd4 32. Qxb6 Qd1+
33. Kg2 Qxc2 34. Qd8+ Kg7 35. Qd6 Qe4+ 36. Kf1 Qc4+ 37. Kg2 Qg4+ 38. Kf1 Qh3+
39. Kg1 c4 40. Qe5+ Kh7 41. Qf6 Qg4+ 42. Kf1 Qxh5 43. Ke1 Qg6 44. Qd8 c3 45. f4
c2 46. Kd2 Qe4 47. f5 Qf4+ 48. Kxc2 Qxf5+ 49. Kd2 Qg5+ 0-1

[Event "Titled Tue 1st Jul Early"]
[Site "chess.com INT"]
[Date "2025.07.01"]
[Round "3"]
[White "Piliposyan, Robert"]
[Black "Shahinyan, Vladimir"]
[Result "0-1"]
[WhiteTitle "IM"]
[BlackTitle "CM"]
[WhiteElo "2415"]
[BlackElo "2182"]
[WhiteFideId "13309978"]
[BlackFideId "13314599"]
[EventDate "2025.07.01"]

1. Nc3 Nf6 2. Nf3 d5 3. d4 e6 4. Bf4 a6 5. e3 c5 6. dxc5 Bxc5 7. Bd3 O-O 8. O-O
Nc6 9. e4 d4 10. Ne2 Nh5 11. e5 Nxf4 12. Nxf4 Qc7 13. Bxh7+ Kxh7 14. Ng5+ Kg8
15. Qh5 Re8 16. Qh7+ Kf8 17. Rfe1 Nxe5 18. Qh8+ Ke7 19. Qxg7 Nf3+ 20. Nxf3 Qxf4
21. Ne5 Qf6 22. Qg3 Bd6 23. Rad1 Bd7 24. Rxd4 Rg8 25. Nxd7 Qxd4 26. Qb3 Kxd7 27.
Qxb7+ Bc7 28. c3 Qd5 0-1

[Event "Titled Tue 1st Jul Early"]
[Site "chess.com INT"]
[Date "2025.07.01"]
[Round "3"]
[White "May Sanchez, Andres Elias"]
[Black "Luong Phuong Hanh"]
[Result "0-1"]
[WhiteTitle "CM"]
[BlackTitle "WIM"]
[WhiteElo "2215"]
[BlackElo "2121"]
[WhiteFideId "5150973"]
[BlackFideId "12401013"]
[EventDate "2025.07.01"]

1. d4 Nf6 2. c4 g6 3. Nc3 d5 4. cxd5 Nxd5 5. e4 Nxc3 6. bxc3 Bg7 7. Be3 c5 8.
Qd2 Qa5 9. Rc1 O-O 10. Nf3 Bg4 11. d5 Rd8 12. c4 Qxd2+ 13. Nxd2 Na6 14. f3 Bd7
15. Be2 b6 16. g4 Ba4 17. Kf2 Nb4 18. a3 Nc2 19. Bg5 f6 20. Bf4 Nd4 21. Bd3 e5
22. Be3 Bd7 23. Rhg1 Kh8 24. h4 Rf8 25. Bxd4 exd4 26. f4 Rae8 27. Rce1 Bh6 28.
Kf3 Re7 29. Re2 Rfe8 30. Rge1 Bg7 31. Kg3 a6 32. Rb1 Rb8 33. Nf3 b5 34. Reb2 h5
35. gxh5 gxh5 36. cxb5 axb5 37. Bxb5 Bxb5 38. Rxb5 Rxb5 39. Rxb5 Rxe4 40. Rxc5
Bh6 41. Rc4 Bxf4+ 42. Kg2 Be5 43. d6 Rg4+ 44. Kf2 Bxd6 45. Rxd4 Bc5 0-1

[Event "Titled Tue 1st Jul Early"]
[Site "chess.com INT"]
[Date "2025.07.01"]
[Round "3"]
[White "Mourao, Igor A.C.Lofredo"]
[Black "Villa Tornero, Alex"]
[Result "0-1"]
[BlackTitle "FM"]
[WhiteElo "2177"]
[BlackElo "2282"]
[WhiteFideId "2102544"]
[BlackFideId "54501091"]
[EventDate "2025.07.01"]

1. d4 Nf6 2. c4 e6 3. Nc3 c5 4. d5 exd5 5. cxd5 d6 6. Nf3 g6 7. Nd2 Bg7 8. Nc4
O-O 9. Bf4 b5 10. Nxb5 Ba6 11. Nba3 Nh5 12. Bd2 Re8 13. e3 Nd7 14. Be2 Nf4 15.
exf4 Bxb2 16. Nxb2 Rxe2+ 17. Qxe2 Bxe2 18. Kxe2 Qf6 19. Nac4 Re8+ 20. Kd1 Nb6
21. Rc1 Nxd5 22. Re1 Rxe1+ 23. Kxe1 Nxf4 24. Bxf4 Qxf4 25. Nd3 Qe4+ 26. Kd2 d5
27. Nd6 Qe7 28. Nb5 c4 29. Re1 Qg5+ 30. f4 Qxg2+ 31. Re2 Qf3 32. Ne5 Qxf4+ 33.
Kc2 d4 34. Nxc4 d3+ 35. Kxd3 Qf5+ 36. Kc3 Qxb5 37. Rf2 Qc5 38. Rd2 Kg7 39. Kb3
Qb5+ 40. Kc3 Qa6 41. Rd7 Qxa2 0-1

[Event "Titled Tue 1st Jul Early"]
[Site "chess.com INT"]
[Date "2025.07.01"]
[Round "3"]
[White "Alonso Rosell, Alvar"]
[Black "Omariev, Maksim"]
[Result "0-1"]
[WhiteTitle "GM"]
[BlackTitle "FM"]
[WhiteElo "2536"]
[BlackElo "2304"]
[WhiteFideId "2270544"]
[BlackFideId "4193423"]
[EventDate "2025.07.01"]

1. d4 d5 2. c4 e6 3. Nf3 Nf6 4. g3 Be7 5. Bg2 O-O 6. O-O dxc4 7. Qc2 a6 8. a4
Nc6 9. Qxc4 Nb4 10. Bd2 b5 11. Qb3 bxa4 12. Rxa4 a5 13. Bxb4 Bxb4 14. Ne5 Ra6
15. Nc6 Qd6 16. Nxb4 Rb6 17. e4 Bd7 18. Rxa5 Rxb4 19. Qc3 Qxd4 20. Qxc7 Bb5 21.
Re1 Rxb2 22. Qf4 Qb4 0-1

[Event "Titled Tue 1st Jul Early"]
[Site "chess.com INT"]
[Date "2025.07.01"]
[Round "3"]
[White "Ibrahimli, Murad"]
[Black "Yaksin, Oleg"]
[Result "1-0"]
[WhiteTitle "IM"]
[BlackTitle "FM"]
[WhiteElo "2438"]
[BlackElo "2393"]
[WhiteFideId "13410229"]
[BlackFideId "24105880"]
[EventDate "2025.07.01"]

1. c4 e5 2. Nc3 Bb4 3. Nd5 Be7 4. e4 Nf6 5. d4 exd4 6. Qxd4 Nc6 7. Qe3 O-O 8.
Bd2 Re8 9. f3 Nxd5 10. cxd5 Ne5 11. O-O-O c6 12. dxc6 dxc6 13. Bc3 Qc7 14. Kb1
Be6 15. Nh3 b5 16. Nf4 Bc4 17. b3 Bxf1 18. Rhxf1 a5 19. Nh5 Bf8 20. Qg5 Ng6 21.
f4 b4 22. Bb2 h6 23. Qxh6 Rxe4 24. Bxg7 1-0

[Event "Titled Tue 1st Jul Early"]
[Site "chess.com INT"]
[Date "2025.07.01"]
[Round "3"]
[White "Schitco, Ivan"]
[Black "Zlatin, Alexander"]
[Result "1-0"]
[WhiteTitle "GM"]
[BlackTitle "FM"]
[WhiteElo "2481"]
[BlackElo "2313"]
[WhiteFideId "13905465"]
[BlackFideId "2810549"]
[EventDate "2025.07.01"]

1. e4 e6 2. d4 d5 3. Nc3 dxe4 4. Nxe4 Nd7 5. Nf3 Ngf6 6. Nxf6+ Nxf6 7. Bd3 b6 8.
Ne5 Qd5 9. Qf3 Qxf3 10. gxf3 a6 11. h4 Bb7 12. h5 h6 13. Ke2 Bd6 14. Be3 Nd7 15.
Nc4 Be7 16. a4 a5 17. Na3 Bf6 18. Nb5 O-O-O 19. Be4 Kb8 20. Rad1 Bd5 21. b3 c5
22. Bf4+ e5 23. dxe5 Bxe5 24. Bxe5+ Nxe5 25. Rxd5 Rxd5 26. Bxd5 Rd8 27. Rd1 f5
28. Na3 f4 29. Nc4 Nd7 30. Bc6 Kc7 31. Rxd7+ Rxd7 32. Bxd7 Kxd7 33. Nxb6+ Kd6
34. Nc4+ Kd5 35. Nxa5 1-0

[Event "Titled Tue 1st Jul Early"]
[Site "chess.com INT"]
[Date "2025.07.01"]
[Round "3"]
[White "Bukreev, Stanislav"]
[Black "Moldagali, Beksultan"]
[Result "1-0"]
[WhiteTitle "FM"]
[BlackTitle "FM"]
[WhiteElo "2305"]
[BlackElo "2397"]
[WhiteFideId "34252347"]
[BlackFideId "13734768"]
[EventDate "2025.07.01"]

1. d4 Nf6 2. c4 e6 3. Nf3 d5 4. Nc3 h6 5. Bf4 Bd6 6. Bxd6 Qxd6 7. c5 Qe7 8. e3
Nfd7 9. Be2 c6 10. O-O e5 11. Nxe5 Nxe5 12. dxe5 Qxe5 13. Qd4 Qxd4 14. exd4 Bf5
15. b4 Nd7 16. b5 O-O 17. Rfe1 Rfe8 18. a4 g5 19. Na2 Nf6 20. Nb4 Bd7 21. Bd3
Kg7 22. f3 Rac8 23. Kf2 h5 24. Rxe8 Rxe8 25. b6 a5 26. Na2 h4 27. Nc1 Nh5 28. g3
hxg3+ 29. hxg3 f5 30. Nb3 Ra8 31. Re1 Kf6 32. Rh1 Be8 33. Bxf5 Kxf5 34. g4+ Kg6
35. gxh5+ Kh6 36. Re1 Bxh5 37. Re6+ Bg6 38. Re7 Rf8 39. Nxa5 1-0

[Event "Titled Tue 1st Jul Early"]
[Site "chess.com INT"]
[Date "2025.07.01"]
[Round "3"]
[White "Begunov, Konstantin"]
[Black "Dann, Matthias"]
[Result "0-1"]
[WhiteTitle "FM"]
[BlackTitle "IM"]
[WhiteElo "2325"]
[BlackElo "2434"]
[WhiteFideId "4118510"]
[BlackFideId "24638056"]
[EventDate "2025.07.01"]

1. d4 Nf6 2. c4 e6 3. Nf3 Bb4+ 4. Nbd2 a5 5. g3 d6 6. Bg2 Nbd7 7. O-O e5 8. a3
Bxd2 9. Bxd2 O-O 10. b4 axb4 11. axb4 Rxa1 12. Qxa1 e4 13. Ng5 Re8 14. h4 h6 15.
Nh3 Nb6 16. c5 Nc4 17. Qc3 d5 18. e3 Bg4 19. Ra1 Qd7 20. Kh2 Bf3 21. Bf1 Qf5 22.
Be1 Bg4 23. Ra7 g5 24. hxg5 hxg5 25. Rxb7 Kg7 26. Ng1 Rh8+ 27. Kg2 Qf3+ 28. Nxf3
Bxf3+ 29. Kg1 Rh1# 0-1

[Event "Titled Tue 1st Jul Early"]
[Site "chess.com INT"]
[Date "2025.07.01"]
[Round "3"]
[White "Harriott, Tyrell"]
[Black "McDonald, Jhustice-Dimonte"]
[Result "1-0"]
[BlackTitle "CM"]
[WhiteElo "1933"]
[BlackElo "2041"]
[WhiteFideId "2086484"]
[BlackFideId "7402481"]
[EventDate "2025.07.01"]

1. d4 b6 2. e3 Bb7 3. f4 e6 4. Nf3 d6 5. Bd3 Nd7 6. O-O g6 7. Nbd2 Bg7 8. c3 Ne7
9. e4 O-O 10. Qe1 f5 11. exf5 exf5 12. Ng5 Nd5 13. Ne6 Qf6 14. Nxf8 Rxf8 15. Bc4
Kh8 16. Nf3 Qd8 17. Ng5 Qf6 18. Qe6 Qxe6 19. Nxe6 Rc8 20. Bd2 N5f6 21. Ng5 d5
22. Bb5 c6 23. Bd3 Ne4 24. Be1 Nxg5 25. fxg5 c5 26. Bf2 c4 27. Bc2 Bh6 28. gxh6 1-0

[Event "Titled Tue 1st Jul Early"]
[Site "chess.com INT"]
[Date "2025.07.01"]
[Round "3"]
[White "Khandhadia, Nivaan Rathin"]
[Black "Safin Safarullakhan"]
[Result "1-0"]
[WhiteTitle "CM"]
[BlackTitle "CM"]
[WhiteElo "2112"]
[BlackElo "2028"]
[WhiteFideId "25753274"]
[BlackFideId "33379475"]
[EventDate "2025.07.01"]

1. d4 Nf6 2. c4 e6 3. Nf3 d5 4. Nc3 Bb4 5. cxd5 exd5 6. Bg5 c6 7. e3 O-O 8. Bd3
h6 9. Bh4 Bg4 10. O-O Nbd7 11. h3 Bh5 12. a3 Be7 13. Be2 b5 14. Qd2 Nb6 15. Ne5
Qc7 16. Bxf6 gxf6 17. Bxh5 fxe5 18. Rac1 e4 19. Nxb5 Qd7 20. Nc3 Kh8 21. Qe2 Rg8
22. f3 Qxh3 23. Bg4 Qh4 24. Qf2 Qg5 25. Bh3 Bd6 26. fxe4 Bg3 27. Qf6+ Qxf6 28.
Rxf6 dxe4 29. Nxe4 Nd5 30. Rxh6+ Kg7 31. Rhxc6 Nxe3 32. Nxg3 Kh7 33. Nf5 1-0

[Event "Titled Tue 1st Jul Early"]
[Site "chess.com INT"]
[Date "2025.07.01"]
[Round "3"]
[White "Exposito Milan, Adrian"]
[Black "Shinkarev, Mikhailo"]
[Result "0-1"]
[WhiteTitle "FM"]
[BlackTitle "IM"]
[WhiteElo "2179"]
[BlackElo "2109"]
[WhiteFideId "24556645"]
[BlackFideId "4145348"]
[EventDate "2025.07.01"]

1. d4 Nf6 2. Nf3 e6 3. Bf4 d5 4. e3 c5 5. c3 cxd4 6. exd4 Bd6 7. Bg3 O-O 8. Nbd2
Nc6 9. Bd3 Qc7 10. O-O Rb8 11. Re1 a6 12. b4 Ne7 13. Rc1 Bxg3 14. hxg3 a5 15. b5
Bd7 16. a4 Nc8 17. c4 dxc4 18. Nxc4 Qd8 19. Nfe5 Nd5 20. Qh5 Nf6 21. Qf3 b6 22.
g4 Be8 23. g5 Nd5 24. Qe4 f5 25. gxf6 Nxf6 26. Qh4 Nd6 27. Nxd6 Qxd6 28. Nc6 Ra8
29. Qh3 Bf7 30. Bc4 Rae8 31. Rcd1 h6 32. Ne5 Nd5 33. Nxf7 Rxf7 34. g3 Rfe7 35.
Bd3 Nf6 36. Bg6 Rd8 37. Qg2 Qd5 38. Be4 Nxe4 39. Qxe4 Qxe4 40. Rxe4 Rd5 41. Rde1
Kf7 42. Kg2 Rd6 43. Kf3 Red7 44. Ke3 Rc7 45. Kd3 Rcd7 46. Rc1 e5 0-1

[Event "Titled Tue 1st Jul Early"]
[Site "chess.com INT"]
[Date "2025.07.01"]
[Round "3"]
[White "Porozhnyak, Maya"]
[Black "Arya G Mallar"]
[Result "1-0"]
[WhiteTitle "WCM"]
[BlackTitle "WCM"]
[WhiteElo "1953"]
[BlackElo "2000"]
[WhiteFideId "34115843"]
[BlackFideId "25115324"]
[EventDate "2025.07.01"]

1. e4 c5 2. Nf3 d6 3. d4 cxd4 4. c3 Nf6 5. Bc4 Nxe4 6. Qxd4 Nf6 7. O-O Nc6 8.
Qh4 d5 9. Rd1 e6 10. Bg5 Be7 11. Bb3 h6 12. Nbd2 O-O 13. Bxh6 gxh6 14. Qxh6 Re8
15. Qg5+ Kf8 16. Nc4 Bc5 17. Qh6+ Ke7 18. h3 Rg8 19. Nce5 Nxe5 20. Nxe5 Qc7 21.
Qf4 Bd6 22. Re1 b6 23. c4 dxc4 24. Rac1 Bb7 25. g4 Qc5 26. Rxc4 Qd5 27. Rc7+
Bxc7 28. Bxd5 Bc6 29. Bxc6 1-0

[Event "Titled Tue 1st Jul Early"]
[Site "chess.com INT"]
[Date "2025.07.01"]
[Round "3"]
[White "Bolacky, Jiri"]
[Black "Ramiro Ovejero, Juan Luis"]
[Result "0-1"]
[BlackTitle "IM"]
[WhiteElo "2121"]
[BlackElo "2334"]
[WhiteFideId "308706"]
[BlackFideId "2210436"]
[EventDate "2025.07.01"]

1. e4 e5 2. Nf3 Nc6 3. Bb5 a6 4. Bxc6 dxc6 5. O-O Bd6 6. d4 exd4 7. Qxd4 f6 8.
Re1 Ne7 9. e5 fxe5 10. Nxe5 O-O 11. Bg5 Qe8 12. Nc4 Nf5 13. Qd2 Qh5 14. Nxd6
cxd6 15. Nc3 d5 16. Ne2 Nd6 17. Ng3 Qg6 18. Be7 Nc4 19. Qc3 Re8 20. Bc5 b6 21.
Bd4 Rxe1+ 22. Rxe1 c5 23. Be5 Be6 24. Bc7 Rc8 25. Bf4 Qf7 0-1

[Event "Titled Tue 1st Jul Early"]
[Site "chess.com INT"]
[Date "2025.07.01"]
[Round "3"]
[White "Alikulov, Elbek"]
[Black "Ketzetzis, Georgios"]
[Result "1-0"]
[WhiteTitle "IM"]
[BlackTitle "FM"]
[WhiteElo "2305"]
[BlackElo "2292"]
[WhiteFideId "14203308"]
[BlackFideId "4215206"]
[EventDate "2025.07.01"]

1. e4 c6 2. d4 d5 3. Nc3 dxe4 4. Nxe4 Nd7 5. c3 Ngf6 6. Nxf6+ Nxf6 7. Nf3 Bg4 8.
Be2 e6 9. h3 Bh5 10. O-O Bd6 11. Bg5 Qc7 12. Ne5 Bxe5 13. Bxh5 Bf4 14. Bxf6 gxf6
15. Qg4 O-O-O 16. Bxf7 Bh2+ 17. Kh1 Qxf7 18. Kxh2 Rhg8 19. Qf4 Rd5 20. Rae1 Rdg5
21. g3 Rf5 22. Qe4 Re8 23. Re3 Qg6 24. Rf3 Rxf3 25. Qxf3 e5 26. Re1 Kb8 27. dxe5
fxe5 28. Qe4 Qf7 29. Re2 Qxa2 30. Qxh7 Qc4 31. Qe4 Qe6 32. Qg4 Qf6 33. f4 e4 34.
f5 e3 35. Qf4+ Kc8 36. g4 a5 37. Rxe3 Rd8 38. Re2 a4 39. Qxa4 Qd6+ 40. Kg2 Rh8
41. Qa8+ 1-0

[Event "Titled Tue 1st Jul Early"]
[Site "chess.com INT"]
[Date "2025.07.01"]
[Round "3"]
[White "Rivera Huerta, Alberto"]
[Black "Barrientos, Ernesto"]
[Result "0-1"]
[WhiteTitle "CM"]
[BlackTitle "CM"]
[WhiteElo "1994"]
[BlackElo "2027"]
[WhiteFideId "5106052"]
[BlackFideId "3701247"]
[EventDate "2025.07.01"]

1. d4 Nf6 2. Nc3 d5 3. Bf4 a6 4. e3 e6 5. Nf3 c5 6. Ne5 Nbd7 7. g4 h6 8. Qf3
cxd4 9. exd4 Qb6 10. O-O-O Nxe5 11. Bxe5 Nd7 12. Bf4 Be7 13. h4 Qc6 14. Bg2 b5
15. Rhe1 Nb6 16. g5 hxg5 17. hxg5 b4 18. Ne2 g6 19. Kb1 Bd7 20. Rc1 Nc4 21. Qd3
a5 22. c3 Qb5 23. cxb4 axb4 24. Rxc4 dxc4 25. Qg3 Ra7 26. d5 Qa5 27. Nc1 c3 0-1

[Event "Titled Tue 1st Jul Early"]
[Site "chess.com INT"]
[Date "2025.07.01"]
[Round "3"]
[White "Klukin, Kirill"]
[Black "Eswaran, Ashritha"]
[Result "1-0"]
[WhiteTitle "IM"]
[BlackTitle "FM"]
[WhiteElo "2401"]
[BlackElo "2236"]
[WhiteFideId "24199273"]
[BlackFideId "2080788"]
[EventDate "2025.07.01"]

1. d4 Nf6 2. Nf3 e6 3. e3 d5 4. Bd3 b6 5. O-O Bd6 6. b3 O-O 7. Bb2 c5 8. Nbd2
Ba6 9. c4 Re8 10. Qe2 h6 11. Rfd1 Nbd7 12. Rac1 Rc8 13. e4 dxe4 14. Nxe4 Nxe4
15. Qxe4 Nf6 16. Qh4 cxd4 17. Bxd4 Be7 18. Qg3 Qc7 19. Be5 Qb7 20. b4 Qa8 21. a3
Bb7 22. Nd4 Be4 23. Nb5 Bxd3 24. Rxd3 Red8 25. Nd6 Rc6 26. Rcd1 Kf8 27. h3 Rd7
28. Nf5 exf5 29. Bxf6 Bxf6 30. Rxd7 Rxc4 31. Qd3 Re4 32. Qb3 Re6 33. Qd5 Qxd5
34. R1xd5 a6 35. Rxf5 Re1+ 36. Kh2 Ra1 37. Rd3 Bb2 38. Rd7 Bf6 39. Rf3 a5 40.
bxa5 bxa5 41. Ra7 Be5+ 42. g3 f6 43. Rxa5 Ra2 44. Rxe5 1-0

[Event "Titled Tue 1st Jul Early"]
[Site "chess.com INT"]
[Date "2025.07.01"]
[Round "3"]
[White "Allahverdiyeva, Ayan"]
[Black "Raptis, Nick"]
[Result "1-0"]
[WhiteTitle "WIM"]
[BlackTitle "FM"]
[WhiteElo "2234"]
[BlackElo "2220"]
[WhiteFideId "13412590"]
[BlackFideId "2016850"]
[EventDate "2025.07.01"]

1. e4 e6 2. d4 d5 3. Nd2 Nf6 4. e5 Nfd7 5. Bd3 c5 6. c3 Nc6 7. Ne2 cxd4 8. cxd4
f6 9. exf6 Nxf6 10. O-O Bd6 11. Nf3 O-O 12. Bg5 Bd7 13. Rc1 Be8 14. Re1 h6 15.
Bh4 Bh5 16. Ng3 Bxf3 17. Qxf3 Nxd4 18. Qe3 Qb6 19. Bb1 e5 20. Bxf6 Rxf6 21. Nh5
Rf7 22. Kh1 Raf8 23. f3 Qxb2 24. Qd3 e4 25. fxe4 g6 26. Ng3 Rf2 27. e5 Nf5 28.
exd6 Rxg2 29. Rc2 Rxc2 30. Bxc2 Qxa2 31. Nxf5 Rxf5 32. d7 Qa5 33. Re8+ Kf7 34.
d8=Q Qa1+ 35. Kg2 1-0